| 000 | 00510nam a2200193Ia 4500 | ||
|---|---|---|---|
| 003 | OSt | ||
| 005 | 20200908103627.0 | ||
| 008 | 190216s9999||||xx |||||||||||||| ||und|| | ||
| 020 | _a0074601385 | ||
| 040 | _coclc | ||
| 082 |
_a535 _bGHA/O |
||
| 100 |
_aGhatak, Ajoy _94428 |
||
| 245 | 0 |
_aOptics / _cAjoy Ghatak |
|
| 250 | _a2nd Ed. | ||
| 260 |
_bTata McGraw Hill Publishing, _c1993. _aNew Delhi: |
||
| 300 | _a694p | ||
| 650 | _aPhysics | ||
| 942 |
_cBK _2ddc _h535 _iGHA/O _k535 _mGHA/O |
||
| 999 |
_c33230 _d33230 |
||